عرض عادي
عرض مارك
- القانون المدني
دخول Topical Term
001 - CONTROL NUMBER
- control field: 22581
003 - CONTROL NUMBER IDENTIFIER
- control field: AE-AdECS
005 - DATE AND TIME OF LATEST TRANSACTION
- control field: 20251106143919.0
008 - FIXED-LENGTH DATA ELEMENTS
- fixed length control field: 251106|| aca||aabn | a|a d
040 ## - CATALOGING SOURCE
- Original cataloging agency: AE-AdECS
- Transcribing agency: AE-AdECS
150 ## - HEADING--TOPICAL TERM
- Topical term or geographic name entry element: القانون المدني
- Geographic subdivision: الإمارات العربية المتحدة
670 ## - SOURCE DATA FOUND
- Source citation: Work cat.: (AE-AdECS)125740: السرابي ، حلمي مؤلف 1219565, تشريعات الخدمة المدنية وتعديلاتها لإمارة أبو ظبي /
